000 00801nam a22002297a 4500
003 UA-OsUOA
001 23039
007 ta
008 20040105b un ||||| |||| 00| 0 ukr d
090 _a294.5
_bД70
942 _cBK
040 _aUA-OsUOA
_bukr
_cUA-OsUOA
_dUA-OsUOA
245 _aДосконалі запитання. Досконалі відповіді
_bБесіди Його Божественної Милости А. Ч. Бгактіведанти Свамі Прабгупади з Бобом Кохеном, працівником Корпусу Миру в Індії
300 _a94 с.
955 _a0
041 _aukr
080 _a294.5
020 _a91-7149-160-0
260 _aКиїв
_bБгактіведанта Бук Траст
_c1993
044 _aUA
650 7 _2UDC
999 _c309275
_d309275